| 000 | 00731cam a2200229 a 4500 | ||
|---|---|---|---|
| 001 | 000018051 | ||
| 005 | 20200929165332.0 | ||
| 008 | 750702s1968 xxc 000 0 fre d | ||
| 040 |
_aDO-SdBNP _bfre _cLC _dBNPHU |
||
| 082 |
_a843.54 _bB558c |
||
| 100 | 1 |
_aBessette, Gérard. _939133 |
|
| 245 | 1 | 3 |
_aLe cycle : _broman / _cGérard Bessette. |
| 260 |
_aMontréal : _bDu Jour, _c1968. |
||
| 300 |
_a212 p. ; _c20 cm. |
||
| 490 | 1 |
_aLes Romanciers du Jour, _vR-73 |
|
| 586 | _a"Premio Literario del Gobernador General en 1971". | ||
| 650 | 4 |
_aNovela canadiense _97990 |
|
| 650 | 4 |
_aLiteratura canadiense _ySIGLO XX _97991 |
|
| 830 | 0 |
_aLes Romanciers du Jour, _vR-73 _939134 |
|
| 910 | _aCatalogación por copia / LC | ||
| 049 | _aBNGR | ||
| 999 |
_c17573 _d17573 |
||